000 02061nam0a2200361 i 4500
001 RU\NLR\BIBL_A\011528702
005 20260407074509.0
010 _a9785936462993
_9700
021 _aRU
_b2017-80313
_95730
035 _a(RuMoRGB)009430450
035 _a(NLR Aleph) 011528702
090 _a12134302
_c12134302
100 _a20171117d2017 km y0rusy50 ca
101 0 _arus
_deng
102 _aRU
105 _aa|||z|||100zy
200 1 _aПредставительные институты в России в контексте европейской истории XV - середина XVII в.
_dRepresentative institutions of Russia in the context of european history 15th - mid-17th centuries
_fРоссийская академия наук, Институт всеобщей истории, Германский исторический институт в Москве, Государственный исторический музей
_g[ответственный редактор: В.Д. Назаров]
_zeng
210 _aМосква
_cДревлехранилище
_d2017
215 _a315 с.
_cтабл.
_d25
300 _aРез. на англ. яз.
320 _aБиблиогр. в подстроч. примеч.
510 1 _aRepresentative institutions of Russia in the context of european history 15th - mid-17th centuries
_zeng
606 1 _aПредставительные учреждения
_jСъезды, совещания и т.п
_xИстория
_yРоссия
_92348857
_3RU\NLR\AUTH\6601626530
686 _aТ3(0)4-532.2я43
_2rubbk
686 _aТ3(2)4-532.2я43
_2rubbk
686 1 _aХ2(2)5-523я431
702 1 _4340
_8rus
_7ca
_aНазаров
_bВ. Д.
_cд-р ист. наук
_gВладислав Дмитриевич
_3RU\NLR\AUTH\77110737
_993662
712 0 2 _4570
_aИнститут всеобщей истории
_cМосква
_3RU\NLR\AUTH\883374
_9277988
942 _cBOOK
980 _aNBR